[Event "37. Copenhagen Open (Politiken Cup)"]
[Site "Elsinore"]
[Date "2015.07.26"]
[Round "3"]
[White "Fossan, Aleksander"]
[Black "Narheim, Mats"]
[Result "1-0"]
[WhiteElo "1798"]
[BlackElo "1264"]
[PlyCount "111"]
[EventDate "2015.07.25"]
[EventType "swiss"]
[EventRounds "10"]
[EventCountry "DEN"]
[Source "ChessBase"]
[SourceDate "2015.09.14"]

1. e4 c5 2. c3 Nc6 3. d4 cxd4 4. cxd4 d5 5. exd5 Qxd5 6. Nf3 Bg4 7. Be2 e6 8.
h3 Bf5 9. Nc3 Qd7 10. O-O Nf6 11. Bf4 Be7 12. Rc1 O-O 13. Ne5 Nxe5 14. dxe5
Qxd1 15. Rfxd1 Ne4 16. Rd7 Nxc3 17. Rxc3 Bd8 18. Bf3 Rb8 19. Bxb7 Bb6 20. b3
Rfd8 21. Rxd8+ Rxd8 22. g4 Bd3 23. Bg5 Rb8 24. Rxd3 Rxb7 25. Be3 h6 26. Bxb6
Rxb6 27. Rd8+ Kh7 28. Rd7 Ra6 29. a4 Kg6 30. Rb7 f6 31. exf6 gxf6 32. Kg2 f5
33. Kg3 fxg4 34. Kxg4 h5+ 35. Kf4 Kf6 36. h4 e5+ 37. Ke4 Ke6 38. Rh7 Ra5 39.
Rh6+ Ke7 40. Rxh5 Ra6 41. Rh7+ Ke8 42. Kxe5 Rb6 43. Rxa7 Rh6 44. a5 Rxh4 45. f4
Rh5+ 46. f5 Rh6 47. f6 Rh5+ 48. Ke6 Kd8 49. Ra8+ Kc7 50. f7 Rh6+ 51. Ke7 Rd6
52. f8=Q Rd7+ 53. Ke6 Rd6+ 54. Qxd6+ Kb7 55. Rb8+ Ka7 56. Qb6# 1-0

[Event "37. Copenhagen Open (Politiken Cup)"]
[Site "Elsinore"]
[Date "2015.07.26"]
[Round "3"]
[White "Fossan, Andreas"]
[Black "Heinis, Vincent"]
[Result "1-0"]
[WhiteElo "1840"]
[BlackElo "2094"]
[PlyCount "33"]
[EventDate "2015.07.25"]
[EventType "swiss"]
[EventRounds "10"]
[EventCountry "DEN"]
[Source "ChessBase"]
[SourceDate "2015.09.14"]

1. d4 Nf6 2. c4 e6 3. Nc3 Bb4 4. f3 O-O 5. a3 Bxc3+ 6. bxc3 d5 7. cxd5 exd5 8.
e3 c5 9. Bd3 b6 10. Ne2 Re8 11. O-O Ba6 12. Ng3 Bxd3 13. Qxd3 Nc6 14. Bb2 Na5
15. e4 dxe4 16. fxe4 Qd7 17. Rxf6 1-0

[Event "37. Copenhagen Open (Politiken Cup)"]
[Site "Elsinore"]
[Date "2015.07.26"]
[Round "3"]
[White "Fransson, Pia"]
[Black "Borg, Flemming"]
[Result "0-1"]
[WhiteElo "1511"]
[BlackElo "1800"]
[PlyCount "60"]
[EventDate "2015.07.25"]
[EventType "swiss"]
[EventRounds "10"]
[EventCountry "DEN"]
[Source "ChessBase"]
[SourceDate "2015.09.14"]

1. d4 f5 2. g3 g6 3. Bg2 Bg7 4. Nf3 Nf6 5. O-O O-O 6. c4 d6 7. Nc3 Qe8 8. Qc2
e5 9. d5 a5 10. b3 Na6 11. Bb2 e4 12. Ng5 h6 13. Ngxe4 Nxe4 14. Nxe4 fxe4 15.
Bxg7 Kxg7 16. Bxe4 Bf5 17. Bxf5 Rxf5 18. f4 Nc5 19. e4 Qxe4 20. Qc3+ Kg8 21.
Rae1 Qd3 22. Qxd3 Nxd3 23. Re6 Kg7 24. Re7+ Rf7 25. Re6 a4 26. Rd1 axb3 27.
axb3 Nc5 28. Re3 Ra3 29. Rde1 Rxb3 30. Re7 Rc3 0-1

[Event "37. Copenhagen Open (Politiken Cup)"]
[Site "Elsinore"]
[Date "2015.07.26"]
[Round "3"]
[White "Franzen, Per Erik"]
[Black "Robertsen, Bjorn"]
[Result "1-0"]
[WhiteElo "1988"]
[BlackElo "1676"]
[PlyCount "73"]
[EventDate "2015.07.25"]
[EventType "swiss"]
[EventRounds "10"]
[EventCountry "DEN"]
[Source "ChessBase"]
[SourceDate "2015.09.14"]

1. d4 Nf6 2. Nf3 d5 3. c4 c6 4. Qc2 Bg4 5. Ne5 Bh5 6. e3 Nbd7 7. f4 Nxe5 8.
fxe5 Bg6 9. Qb3 Nd7 10. cxd5 cxd5 11. Qxd5 Qc7 12. Nc3 e6 13. Qb3 Be7 14. Be2
O-O 15. O-O Nb6 16. Bd2 Rac8 17. Rfc1 Qd8 18. Nb5 a6 19. Ba5 Rxc1+ 20. Rxc1
axb5 21. Qxb5 Bg5 22. Rc3 Qd5 23. Bxb6 Qxa2 24. Bf3 Qb1+ 25. Kf2 Qh1 26. Qf1
Qxh2 27. Bc5 Qh4+ 28. g3 Qh2+ 29. Qg2 Qxg2+ 30. Bxg2 Re8 31. Bxb7 h5 32. b4 h4
33. b5 hxg3+ 34. Kxg3 f6 35. Bc6 Rb8 36. Bd6 Rc8 37. b6 1-0

[Event "37. Copenhagen Open (Politiken Cup)"]
[Site "Elsinore"]
[Date "2015.07.26"]
[Round "3"]
[White "Frisk, Hans"]
[Black "Berntsen Oybo, August"]
[Result "1/2-1/2"]
[WhiteElo "2013"]
[BlackElo "1777"]
[PlyCount "103"]
[EventDate "2015.07.25"]
[EventType "swiss"]
[EventRounds "10"]
[EventCountry "DEN"]
[Source "ChessBase"]
[SourceDate "2015.09.14"]

1. Nf3 Nf6 2. c4 g6 3. g3 Bg7 4. Bg2 d6 5. d4 O-O 6. O-O c5 7. d5 Na6 8. Nc3
Bd7 9. e4 Ne8 10. Re1 Nec7 11. Bf1 Rb8 12. Nb5 Nxb5 13. cxb5 Nc7 14. a4 b6 15.
Ra3 a6 16. bxa6 Ra8 17. e5 Nxa6 18. Rae3 Nb4 19. b3 Bf5 20. exd6 exd6 21. Bb5
Bc2 22. Qe2 Bf5 23. Nh4 Bh3 24. Bc4 Bf6 25. Re4 g5 26. g4 gxh4 27. Bh6 Bg7 28.
Bxg7 Kxg7 29. Qf3 Bxg4 30. Rxg4+ Kh8 31. h3 Nc2 32. Qc3+ Nd4 33. Rxd4 cxd4 34.
Qxd4+ f6 35. Qxh4 Ra7 36. Re6 Rg7+ 37. Kf1 Rfg8 38. Qf4 Rg1+ 39. Ke2 Re8 40.
Qf5 Rg5 41. Qf4 Rxe6+ 42. dxe6 d5 43. Bd3 Re5+ 44. Kf1 Rxe6 45. Bxh7 Qe7 46.
Bd3 Kg8 47. b4 Qd6 48. Qg4+ Kf8 49. a5 bxa5 50. bxa5 Re7 51. a6 Qe6 52. Qxe6
1/2-1/2

[Event "37. Copenhagen Open (Politiken Cup)"]
[Site "Elsinore"]
[Date "2015.07.26"]
[Round "3"]
[White "Gottschalck, Christian"]
[Black "Brobakken, Jorgen"]
[Result "1-0"]
[WhiteElo "1830"]
[BlackElo "1521"]
[PlyCount "45"]
[EventDate "2015.07.25"]
[EventType "swiss"]
[EventRounds "10"]
[EventCountry "DEN"]
[Source "ChessBase"]
[SourceDate "2015.09.14"]

1. e4 d5 2. Nc3 d4 3. Nce2 e5 4. Ng3 Nf6 5. Bc4 Bc5 6. d3 O-O 7. N1e2 Nc6 8.
O-O Bd7 9. a3 Qc8 10. Bd2 a6 11. Qc1 Bg4 12. f3 Bd7 13. Kh1 Be6 14. Bxe6 Qxe6
15. Nf5 Ne7 16. Neg3 Nxf5 17. Nxf5 g6 18. Bh6 Rfe8 19. Ng7 Qe7 20. Nxe8 Qxe8
21. Qg5 Qe6 22. f4 exf4 23. Qxc5 1-0

[Event "37. Copenhagen Open (Politiken Cup)"]
[Site "Elsinore"]
[Date "2015.07.26"]
[Round "3"]
[White "Grove, Peter"]
[Black "Rasmussen, Morten(1956)"]
[Result "1-0"]
[WhiteElo "2098"]
[BlackElo "1879"]
[PlyCount "87"]
[EventDate "2015.07.25"]
[EventType "swiss"]
[EventRounds "10"]
[EventCountry "DEN"]
[Source "ChessBase"]
[SourceDate "2015.09.14"]

1. e4 c5 2. Nf3 e6 3. d3 Nc6 4. g3 b5 5. Bg2 Bb7 6. O-O d6 7. d4 cxd4 8. Nxd4
Nxd4 9. Qxd4 Nf6 10. Nc3 a6 11. a4 e5 12. Qd3 b4 13. Nd5 Nxd5 14. exd5 a5 15.
Qb5+ Qd7 16. Rd1 Be7 17. c4 bxc3 18. bxc3 Bd8 19. Be3 Ba6 20. Qxd7+ Kxd7 21.
Bh3+ Ke7 22. Rab1 g6 23. Bf1 Bc7 24. Bb5 Rhc8 25. c4 Bd8 26. Rdc1 Bc7 27. Kf1
f6 28. Ke2 Bb7 29. Kd3 Rab8 30. h4 h5 31. f4 exf4 32. Bxf4 Rd8 33. Re1+ Kf7 34.
Rb2 Bc8 35. Rbe2 Bf5+ 36. Kc3 Bb6 37. Re7+ Kg8 38. Bh6 Bf2 39. Rg7+ Kh8 40.
Ree7 g5 41. hxg5 Bxg3 42. g6 Bxg6 43. Rxg6 Rg8 44. Bg7+ 1-0

[Event "37. Copenhagen Open (Politiken Cup)"]
[Site "Elsinore"]
[Date "2015.07.26"]
[Round "3"]
[White "Halvorsen, Benjamin"]
[Black "Tenold, Andreas"]
[Result "0-1"]
[WhiteElo "1728"]
[BlackElo "1423"]
[PlyCount "82"]
[EventDate "2015.07.25"]
[EventType "swiss"]
[EventRounds "10"]
[EventCountry "DEN"]
[Source "ChessBase"]
[SourceDate "2015.09.14"]

1. e4 e6 2. d4 d5 3. Nd2 c5 4. exd5 exd5 5. dxc5 Bxc5 6. Ngf3 Qb6 7. Qe2+ Be6
8. Nb3 Be7 9. Be3 Qc7 10. Qd2 Nf6 11. Bd3 Nc6 12. O-O O-O 13. Nbd4 Bd6 14. Ng5
Bxh2+ 15. Kh1 Nxd4 16. Bxd4 Be5 17. Bxe5 Qxe5 18. Rfe1 Qd6 19. Nxe6 fxe6 20.
Qe2 Rfe8 21. Rad1 e5 22. Bc4 e4 23. Qd2 Re5 24. Kg1 Kh8 25. Re3 Rd8 26. Qd4 Rh5
27. Rg3 Rf5 28. Qxa7 Qf4 29. Be2 d4 30. Rf1 Qd2 31. Qxb7 g6 32. Bb5 e3 33. Qe7
exf2+ 34. Kh1 Rg8 35. Rh3 Qf4 36. a4 Nh5 37. Qa3 Re5 38. Rf3 Qh4+ 39. Rh3 Qg5
40. Qd3 Nf4 41. Qxd4 Qxg2# 0-1

[Event "37. Copenhagen Open (Politiken Cup)"]
[Site "Elsinore"]
[Date "2015.07.26"]
[Round "3"]
[White "Hammer, Jon Ludvig"]
[Black "Buchal, Stephan"]
[Result "1/2-1/2"]
[WhiteElo "2677"]
[BlackElo "2267"]
[PlyCount "110"]
[EventDate "2015.07.25"]
[EventType "swiss"]
[EventRounds "10"]
[EventCountry "DEN"]
[Source "ChessBase"]
[SourceDate "2015.09.14"]

1. d4 g6 2. Nf3 Bg7 3. c4 d6 4. Nc3 Nf6 5. g3 O-O 6. Bg2 Nc6 7. O-O a6 8. Bf4
Bd7 9. Qd2 Re8 10. Bh6 Bh8 11. h3 Qc8 12. g4 b5 13. cxb5 axb5 14. Nxb5 Rb8 15.
Nc3 e5 16. dxe5 Nxe5 17. Nxe5 Rxe5 18. Rac1 Qa6 19. b3 Bc6 20. Qd3 Qb7 21. Bxc6
Qxc6 22. e4 Qb7 23. f4 Ree8 24. f5 Nxe4 25. Nxe4 Rxe4 26. Rxc7 Qxc7 27. Qxe4
Qa7+ 28. Kg2 Qxa2+ 29. Rf2 Qa1 30. f6 Bxf6 31. Qf3 Bg7 32. Qxf7+ Kh8 33. Bxg7+
Qxg7 34. Qxg7+ Kxg7 35. Rf3 h5 36. gxh5 gxh5 37. Kf2 Rb4 38. Ke2 d5 39. Kd2 d4
40. Kc2 Kg6 41. Kb2 Kg5 42. Rf8 Kh4 43. Rf5 Rb8 44. Rf3 Re8 45. Rd3 Re3 46.
Rxd4+ Kxh3 47. b4 h4 48. b5 Kg3 49. b6 Re7 50. Rb4 Rb7 51. Ka3 h3 52. Rb3+ Kg2
53. Rb2+ Kg1 54. Rb1+ Kg2 55. Rb2+ Kg1 1/2-1/2

[Event "37. Copenhagen Open (Politiken Cup)"]
[Site "Elsinore"]
[Date "2015.07.26"]
[Round "3"]
[White "Hansen, John Laurids"]
[Black "Biasi, Grace"]
[Result "1-0"]
[WhiteElo "1986"]
[BlackElo "1649"]
[PlyCount "81"]
[EventDate "2015.07.25"]
[EventType "swiss"]
[EventRounds "10"]
[EventCountry "DEN"]
[Source "ChessBase"]
[SourceDate "2015.09.14"]

1. e4 c5 2. Nf3 d6 3. d4 cxd4 4. Nxd4 Nf6 5. Nc3 g6 6. Be2 Bg7 7. Be3 O-O 8.
O-O Nc6 9. h3 a5 10. Qd2 Bd7 11. f4 Qc7 12. Ncb5 Qc8 13. Bf3 Nb4 14. a3 Bxb5
15. Nxb5 Na6 16. Rad1 Nc5 17. Nc3 a4 18. Qf2 Rb8 19. e5 Nfd7 20. exd6 e6 21.
Bd4 Bh6 22. Qh4 Bg7 23. Bxg7 Kxg7 24. Qf2 b5 25. Be2 Qc6 26. Rd4 Nf6 27. Rfd1
Qb7 28. Nxb5 Qc6 29. c4 Nb3 30. R4d3 Qxc4 31. Rc3 Qe4 32. Rc4 Qa8 33. Nc3 Nc5
34. Qxc5 Rxb2 35. Bf3 Qb8 36. Rb4 Rxb4 37. Qxb4 Qa7+ 38. Qd4 Qa5 39. Nxa4 Qd8
40. Nc5 Kg8 41. d7 1-0

[Event "37. Copenhagen Open (Politiken Cup)"]
[Site "Elsinore"]
[Date "2015.07.26"]
[Round "3"]
[White "Hansen, Tommy"]
[Black "Sorensen, Per Settergren"]
[Result "0-1"]
[WhiteElo "1837"]
[BlackElo "2087"]
[PlyCount "90"]
[EventDate "2015.07.25"]
[EventType "swiss"]
[EventRounds "10"]
[EventCountry "DEN"]
[Source "ChessBase"]
[SourceDate "2015.09.14"]

1. e4 e5 2. Nf3 Nc6 3. d4 exd4 4. Bc4 Nf6 5. e5 d5 6. Bb5 Ne4 7. Nxd4 Bd7 8.
Bxc6 bxc6 9. O-O Bc5 10. f3 Ng5 11. f4 Ne4 12. Be3 Bb6 13. Nd2 Nxd2 14. Qxd2 c5
15. Nf3 d4 16. Bf2 Bc6 17. Bh4 Qd7 18. b3 O-O 19. a4 a5 20. Qd3 Rae8 21. Rae1
Bd5 22. Ng5 f5 23. exf6 gxf6 24. Ne4 Rxe4 25. Rxe4 Bxe4 26. Qxe4 c4 27. Kh1
cxb3 28. cxb3 Re8 29. Qc2 d3 30. Qc4+ Kg7 31. Rd1 Qg4 32. Bxf6+ Kxf6 33. Qxd3
Qe6 34. h3 Kg7 35. Qc3+ Kh6 36. f5 Qxf5 37. Qc6+ Qe6 38. Qc1+ Qe3 39. Qc6+ Qe6
40. Qc1+ Kg7 41. Qc3+ Qe5 42. Rd7+ Kh8 43. Qd3 Qe1+ 44. Kh2 Bg1+ 45. Kh1 Bf2+
0-1

[Event "37. Copenhagen Open (Politiken Cup)"]
[Site "Elsinore"]
[Date "2015.07.26"]
[Round "3"]
[White "Hansen, Verner"]
[Black "Jepsen, Thomas Tange"]
[Result "0-1"]
[WhiteElo "1883"]
[BlackElo "2115"]
[PlyCount "112"]
[EventDate "2015.07.25"]
[EventType "swiss"]
[EventRounds "10"]
[EventCountry "DEN"]
[Source "ChessBase"]
[SourceDate "2015.09.14"]

1. e4 c6 2. d4 d5 3. Nc3 dxe4 4. Nxe4 Bf5 5. Ng3 Bg6 6. Nf3 Nd7 7. Bf4 Ngf6 8.
c4 e6 9. Be2 Bb4+ 10. Bd2 Bd6 11. Bg5 Qa5+ 12. Bd2 Qc7 13. Bc3 O-O 14. O-O a6
15. Bd3 b5 16. b3 Rfd8 17. Bxg6 hxg6 18. Qc2 Rac8 19. Rad1 c5 20. dxc5 Qxc5 21.
Qd2 Bxg3 22. Bd4 Bxh2+ 23. Nxh2 Qf5 24. cxb5 axb5 25. Nf3 Nd5 26. Qb2 N7f6 27.
Rc1 Nf4 28. Bxf6 gxf6 29. Nh4 Qg5 30. Rxc8 Rxc8 31. g3 Nd5 32. Nf3 Qf5 33. Nd4
Qd3 34. Re1 Rc3 35. Ne2 Rc2 36. Qd4 Qd2 37. Qxd2 Rxd2 38. a4 bxa4 39. bxa4 Ra2
40. Nd4 Rxa4 41. Nb5 Rb4 42. Nd6 Rb6 43. Ne4 Kg7 44. Ra1 f5 45. Nc5 Rc6 46. Nd7
Rc7 47. Ne5 g5 48. Ra6 Kf6 49. Nf3 g4 50. Nd4 Nc3 51. Kg2 Rc4 52. Nc6 Ne4 53.
f4 gxf3+ 54. Kxf3 Rc3+ 55. Kf4 Nxg3 56. Ne5 Ne2# 0-1

[Event "37. Copenhagen Open (Politiken Cup)"]
[Site "Elsinore"]
[Date "2015.07.26"]
[Round "3"]
[White "Haugli, Petter"]
[Black "Tandrup, Michael"]
[Result "1-0"]
[WhiteElo "2247"]
[BlackElo "1960"]
[PlyCount "93"]
[EventDate "2015.07.25"]
[EventType "swiss"]
[EventRounds "10"]
[EventCountry "DEN"]
[Source "ChessBase"]
[SourceDate "2015.09.14"]

1. d4 Nf6 2. c4 g6 3. Nc3 d5 4. cxd5 Nxd5 5. e4 Nxc3 6. bxc3 Bg7 7. Bc4 O-O 8.
Ne2 c5 9. Be3 cxd4 10. cxd4 Qa5+ 11. Bd2 Qd8 12. Bc3 Nc6 13. O-O Na5 14. Bd3
Bd7 15. Qd2 b6 16. Rac1 Rc8 17. Ba6 Rc7 18. d5 Nc4 19. Bxc4 Rxc4 20. Bxg7 Rxc1
21. Rxc1 Kxg7 22. Qc3+ Kg8 23. Qc7 Bb5 24. Nd4 Bd3 25. f3 a5 26. Qxd8 Rxd8 27.
Rc7 e6 28. Nc6 Rd6 29. e5 Rxd5 30. Ne7+ Kf8 31. Nxd5 exd5 32. a4 b5 33. axb5
Bxb5 34. Rc5 Bc4 35. Rxa5 Ke7 36. f4 h5 37. Rc5 Ke6 38. Kf2 Bd3 39. Rc6+ Ke7
40. Ke3 Be4 41. g3 Bg2 42. Kd4 Bf3 43. Rd6 Bg2 44. Rf6 Bf3 45. f5 Be4 46. fxg6
fxg6 47. Rd6 1-0

[Event "37. Copenhagen Open (Politiken Cup)"]
[Site "Elsinore"]
[Date "2015.07.26"]
[Round "3"]
[White "Hinrichs, Lars"]
[Black "Rasmussen, Allan Stig"]
[Result "1/2-1/2"]
[WhiteElo "2205"]
[BlackElo "2502"]
[PlyCount "143"]
[EventDate "2015.07.25"]
[EventType "swiss"]
[EventRounds "10"]
[EventCountry "DEN"]
[Source "ChessBase"]
[SourceDate "2015.09.14"]

1. e4 c6 2. d4 d5 3. Nd2 dxe4 4. Nxe4 Bf5 5. Ng3 Bg6 6. h4 h6 7. Nf3 Nd7 8. h5
Bh7 9. Bd3 Bxd3 10. Qxd3 e6 11. Bd2 a5 12. O-O-O Bb4 13. Ne4 Ngf6 14. Kb1 Nxe4
15. Qxe4 Bxd2 16. Nxd2 Nf6 17. Qe2 Qxd4 18. Nc4 Qa7 19. Nd6+ Ke7 20. Qe5 Rhd8
21. Nf5+ Kf8 22. Rxd8+ Rxd8 23. Qc7 Qb8 24. Qe7+ Kg8 25. Nxh6+ gxh6 26. Qxf6
Qd6 27. Qxh6 Qd2 28. Qxd2 Rxd2 29. Rf1 Kg7 30. g4 Kh6 31. Kc1 Rd4 32. f3 f5 33.
Re1 fxg4 34. Rxe6+ Kxh5 35. Re5+ Kh4 36. fxg4 b6 37. g5 Rd6 38. c4 Rg6 39. Kd2
Rxg5 40. Re6 Rc5 41. Kd3 b5 42. b3 bxc4+ 43. bxc4 Rf5 44. Kc3 Rf3+ 45. Kb2 Kg5
46. Rxc6 Kf5 47. Rc5+ Ke4 48. Rd5 a4 49. Rd2 a3+ 50. Kc2 Rh3 51. Rd1 Rg3 52. c5
Rg5 53. Kb3 Rxc5 54. Kxa3 Ra5+ 55. Kb3 Ke5 56. a4 Rd5 57. Rc1 Kd6 58. Kb4 Rd2
59. Kb5 Rb2+ 60. Ka6 Rb4 61. a5 Kd7 62. Ka7 Rb2 63. a6 Rb3 64. Ka8 Ra3 65. Ka7
Rb3 66. Rh1 Rb2 67. Rh7+ Kc8 68. Rb7 Ra2 69. Kb6 Rb2+ 70. Kc6 Rxb7 71. axb7+
Kb8 72. Kb6 1/2-1/2

[Event "37. Copenhagen Open (Politiken Cup)"]
[Site "Elsinore"]
[Date "2015.07.26"]
[Round "3"]
[White "Hoare, Amy B"]
[Black "Nielsen, Jens Holm"]
[Result "1-0"]
[WhiteElo "2069"]
[BlackElo "1836"]
[PlyCount "63"]
[EventDate "2015.07.25"]
[EventType "swiss"]
[EventRounds "10"]
[EventCountry "DEN"]
[Source "ChessBase"]
[SourceDate "2015.09.14"]

1. e4 Nc6 2. Nc3 d6 3. d4 g6 4. Be3 Bg7 5. Qd2 a6 6. h4 Nf6 7. f3 b5 8. O-O-O
h5 9. Nh3 Bxh3 10. Rxh3 Qd7 11. Qf2 e5 12. dxe5 Nxe5 13. Bd4 Qc6 14. Kb1 O-O-O
15. Qd2 Qe8 16. a4 c6 17. Bb6 Rd7 18. axb5 Rb7 19. Ba5 axb5 20. Qxd6 Rd7 21.
Qc5 Rxd1+ 22. Nxd1 Qd7 23. Nc3 Nc4 24. Bxc4 bxc4 25. Qxc4 Re8 26. Rh1 Qe6 27.
Qa6+ Kb8 28. Qb6+ Ka8 29. Rd1 Nd7 30. Qc7 Nb8 31. Na4 Nd7 32. Rxd7 1-0

[Event "37. Copenhagen Open (Politiken Cup)"]
[Site "Elsinore"]
[Date "2015.07.26"]
[Round "3"]
[White "Hofmann, Rares"]
[Black "Skjoldager, Per"]
[Result "0-1"]
[WhiteElo "2065"]
[BlackElo "2170"]
[PlyCount "66"]
[EventDate "2015.07.25"]
[EventType "swiss"]
[EventRounds "10"]
[EventCountry "DEN"]
[Source "ChessBase"]
[SourceDate "2015.09.14"]

1. e4 c6 2. d4 d5 3. e5 Bf5 4. Nf3 e6 5. Be2 c5 6. Be3 cxd4 7. Nxd4 Ne7 8. Nd2
Nbc6 9. N2f3 Be4 10. O-O Nxd4 11. Nxd4 Nc6 12. Bb5 Qd7 13. f3 Bg6 14. c4 Bc5
15. Nf5 Bxe3+ 16. Nxe3 d4 17. Nc2 d3 18. Nb4 O-O 19. Kh1 a6 20. Bxc6 bxc6 21.
Qa4 Qc7 22. Rad1 Rfd8 23. Qxc6 Qxe5 24. Nxd3 Qd4 25. Rd2 Rac8 26. Qxa6 Bxd3 27.
Rfd1 Qxc4 28. Qxc4 Rxc4 29. Kg1 Rcd4 30. Kf2 R4d5 31. Ke3 Bc4 32. Rxd5 Bxd5 33.
b4 Ra8 0-1

[Event "37. Copenhagen Open (Politiken Cup)"]
[Site "Elsinore"]
[Date "2015.07.26"]
[Round "3"]
[White "Hoi, Carsten"]
[Black "Kvamme, John Agnar"]
[Result "1-0"]
[WhiteElo "2383"]
[BlackElo "2158"]
[PlyCount "73"]
[EventDate "2015.07.25"]
[EventType "swiss"]
[EventRounds "10"]
[EventCountry "DEN"]
[Source "ChessBase"]
[SourceDate "2015.09.14"]

1. d4 d5 2. Nf3 Bf5 3. c4 e6 4. Nc3 c6 5. Qb3 Qc7 6. g3 Nd7 7. Bf4 Qb6 8. c5
Qxb3 9. axb3 h6 10. h4 a6 11. b4 Rc8 12. Ne5 Ngf6 13. Nxd7 Nxd7 14. f3 Be7 15.
e4 Bh7 16. exd5 exd5 17. Kd2 Bf5 18. g4 Bg6 19. h5 Bh7 20. Bh3 Bg5 21. Rhe1+
Kd8 22. Be3 Bxe3+ 23. Rxe3 Rc7 24. b5 Nxc5 25. dxc5 d4 26. Re5 dxc3+ 27. Kxc3
cxb5 28. g5 Rc6 29. Rd1+ Kc7 30. Re7+ Kb8 31. Rdd7 Bf5 32. Rxb7+ Ka8 33. Ra7+
Kb8 34. Reb7+ Kc8 35. Rxf7 Rxc5+ 36. Kb4 Rc4+ 37. Ka5 1-0

[Event "37. Copenhagen Open (Politiken Cup)"]
[Site "Elsinore"]
[Date "2015.07.26"]
[Round "3"]
[White "Hojem, Roger"]
[Black "Ski, Alexander K"]
[Result "1/2-1/2"]
[WhiteElo "1738"]
[BlackElo "1445"]
[PlyCount "110"]
[EventDate "2015.07.25"]
[EventType "swiss"]
[EventRounds "10"]
[EventCountry "DEN"]
[Source "ChessBase"]
[SourceDate "2015.09.14"]

1. e4 e5 2. Nf3 Nc6 3. d4 exd4 4. Bc4 Bb4+ 5. Bd2 Qe7 6. O-O Nf6 7. Re1 O-O 8.
Bxb4 Qxb4 9. Bb3 d6 10. a3 Qc5 11. Nbd2 Bg4 12. h3 Bh5 13. g4 Bg6 14. g5 Nd7
15. Bd5 Nce5 16. b4 Qb5 17. Nxd4 Qb6 18. c3 Nd3 19. Nc4 Qa6 20. b5 Nb2 21. Nxb2
Qa5 22. Qc2 c6 23. bxc6 bxc6 24. Nxc6 Qc5 25. Ne7+ Kh8 26. Nd3 Qa5 27. Nxg6+
fxg6 28. Bxa8 Qxg5+ 29. Kf1 Rxa8 30. Qc1 Qh4 31. Qe3 g5 32. Qg3 Qh5 33. Qg4 Qf7
34. Rab1 Rf8 35. Rb7 Qc4 36. Rxd7 Qxd3+ 37. Kg2 Qxc3 38. Re3 Qd2 39. Rf3 Rg8
40. Rff7 a5 41. h4 gxh4 42. Rxg7 h3+ 43. Kh1 Qe1+ 44. Kh2 Qxf2+ 45. Kxh3 Qe3+
46. Kg2 Qd2+ 47. Kf3 Qd3+ 48. Kf4 Qf1+ 49. Ke3 Qe1+ 50. Kd3 Qf1+ 51. Kc2 Qc4+
52. Kd1 Qd4+ 53. Ke2 Qb2+ 54. Kf1 Qf6+ 55. Ke2 Rxg7 1/2-1/2

[Event "37. Copenhagen Open (Politiken Cup)"]
[Site "Elsinore"]
[Date "2015.07.26"]
[Round "3"]
[White "Holm, Kristian Stuvik"]
[Black "Eriksson, Kristian"]
[Result "1-0"]
[WhiteElo "2398"]
[BlackElo "2164"]
[PlyCount "79"]
[EventDate "2015.07.25"]
[EventType "swiss"]
[EventRounds "10"]
[EventCountry "DEN"]
[Source "ChessBase"]
[SourceDate "2015.09.14"]

1. d4 Nf6 2. c4 e6 3. Nc3 Bb4 4. Qc2 O-O 5. Nf3 d6 6. Bd2 Nc6 7. a3 Bxc3 8.
Bxc3 Qe7 9. e3 a5 10. Be2 e5 11. dxe5 dxe5 12. O-O Bg4 13. h3 Bh5 14. Rfe1 Rfe8
15. Qb3 Rab8 16. Qb5 Ne4 17. Bxa5 Nd6 18. Qc5 Bxf3 19. Bxf3 Nxa5 20. Qxa5 Nxc4
21. Qc3 Nd6 22. b4 c6 23. a4 Qf6 24. Red1 Rbd8 25. Rd2 Nf5 26. Rad1 Rxd2 27.
Rxd2 g6 28. b5 cxb5 29. axb5 Qb6 30. Qb4 Rc8 31. Rd7 Rc5 32. Rxb7 Qd6 33. Qe4
Qd2 34. Rb8+ Kg7 35. Bg4 Qe1+ 36. Kh2 Qxf2 37. Bxf5 gxf5 38. Qa8 Qxe3 39. Rg8+
Kh6 40. Qf8+ 1-0

[Event "37. Copenhagen Open (Politiken Cup)"]
[Site "Elsinore"]
[Date "2015.07.26"]
[Round "3"]
[White "Holm, Ragnar"]
[Black "Pedersen, Lars Foldager"]
[Result "1-0"]
[WhiteElo "2124"]
[BlackElo "1907"]
[PlyCount "99"]
[EventDate "2015.07.25"]
[EventType "swiss"]
[EventRounds "10"]
[EventCountry "DEN"]
[Source "ChessBase"]
[SourceDate "2015.09.14"]

1. d4 f5 2. e4 fxe4 3. Nc3 Nf6 4. Bg5 c6 5. Bxf6 exf6 6. Nxe4 Qb6 7. Rb1 Qa5+
8. c3 Qxa2 9. Bd3 Qf7 10. Qe2 Qe6 11. Nh3 d5 12. Nf4 Qe7 13. Nd6+ Kd7 14. Nxc8
Qxe2+ 15. Kxe2 Kxc8 16. Bf5+ Nd7 17. Kf3 g6 18. Rhe1 Bd6 19. Bd3 a5 20. h4 f5
21. c4 dxc4 22. Bxc4 Nf6 23. d5 b5 24. Ba2 Ne4 25. Rbd1 Bb4 26. Re2 c5 27. d6
Rd8 28. d7+ Rxd7 29. Be6 Raa7 30. g4 Kd8 31. Bxd7 Rxd7 32. Ne6+ Ke7 33. Rxd7+
Kxd7 34. gxf5 gxf5 35. Nf8+ Kd6 36. Nxh7 c4 37. Ng5 Nd2+ 38. Kf4 Nb3 39. Nf7+
Kd7 40. h5 c3 41. bxc3 Bxc3 42. h6 Nd4 43. Re3 b4 44. Ne5+ Kd6 45. h7 Ne6+ 46.
Kxf5 b3 47. h8=Q Nd4+ 48. Ke4 Nb5 49. Qf8+ Kc7 50. Qc5+ 1-0

[Event "37. Copenhagen Open (Politiken Cup)"]
[Site "Elsinore"]
[Date "2015.07.26"]
[Round "3"]
[White "Hoyer, Jacob K"]
[Black "Hector, Jonny"]
[Result "0-1"]
[WhiteElo "2202"]
[BlackElo "2485"]
[PlyCount "126"]
[EventDate "2015.07.25"]
[EventType "swiss"]
[EventRounds "10"]
[EventCountry "DEN"]
[Source "ChessBase"]
[SourceDate "2015.09.14"]

1. d4 d5 2. c4 c6 3. Nf3 Nf6 4. e3 Bf5 5. Nc3 e6 6. Nh4 Be4 7. f3 Bg6 8. Qb3
Qb6 9. Nxg6 hxg6 10. Bd2 Nbd7 11. O-O-O Be7 12. Bd3 c5 13. Qxb6 Nxb6 14. dxc5
Nxc4 15. b4 b6 16. Bxc4 dxc4 17. Nb5 O-O-O 18. cxb6 axb6 19. e4 Rh5 20. a4 Rhh8
21. Kc2 Rd3 22. Bc3 Rxd1 23. Kxd1 Nh5 24. Na3 Nf4 25. Nxc4 Kb7 26. Ne5 f6 27.
g3 Nh3 28. Nd3 Ra8 29. Kc2 Rxa4 30. Kb3 Ra8 31. f4 Rd8 32. Rd1 g5 33. Kc2 gxf4
34. gxf4 g5 35. Rf1 Rc8 36. Kb3 gxf4 37. Nxf4 Ng5 38. Re1 Bd6 39. Nh5 Be5 40.
Bxe5 fxe5 41. Nf6 Nf3 42. Rh1 Rf8 43. Nh5 Nd4+ 44. Kc4 Rf3 45. b5 Rh3 46. Nf6
Kc7 47. Ng4 Kd6 48. Rd1 Ra3 49. h4 Ra4+ 50. Kc3 Kc5 51. Nxe5 Nxb5+ 52. Kc2 Rxe4
53. Nd3+ Kd5 54. Nf2+ Nd4+ 55. Kc3 Rxh4 56. Nd3 e5 57. Nb4+ Kd6 58. Nd3 Nb5+
59. Kc2 e4 60. Nf4+ Kc5 61. Ne6+ Kc4 62. Rd2 e3 63. Rd3 Rh2+ 0-1

[Event "37. Copenhagen Open (Politiken Cup)"]
[Site "Elsinore"]
[Date "2015.07.26"]
[Round "3"]
[White "Huse, Arne Kjelsbol"]
[Black "Ekberg, Jacob"]
[Result "0-1"]
[WhiteElo "1222"]
[BlackElo "1656"]
[PlyCount "78"]
[EventDate "2015.07.25"]
[EventType "swiss"]
[EventRounds "10"]
[EventCountry "DEN"]
[Source "ChessBase"]
[SourceDate "2015.09.14"]

1. e4 c5 2. Nf3 e6 3. Bc4 a6 4. Be2 Nc6 5. O-O Nf6 6. Nc3 Qc7 7. d3 Be7 8. Bg5
h6 9. Bh4 d6 10. h3 b5 11. a3 Bb7 12. Re1 O-O 13. Rb1 Nd4 14. Bf1 Rac8 15. Rc1
Rfe8 16. Nxd4 cxd4 17. Ne2 e5 18. Ng3 g5 19. Bxg5 hxg5 20. Be2 Rcd8 21. Bf1 Bc8
22. Qd2 Nh7 23. Qe2 Nf6 24. Qd2 Nh7 25. Qe2 Be6 26. Qf3 Bf8 27. Nh5 Qe7 28.
Red1 Bg7 29. Nxg7 Kxg7 30. Ra1 Qf6 31. Qxf6+ Nxf6 32. Be2 Rh8 33. b3 g4 34.
hxg4 Bxg4 35. Bxg4 Nxg4 36. a4 b4 37. Rac1 Rh6 38. Re1 Rdh8 39. f3 Rh1# 0-1